[Event "Bundesliga 2324"]
[Site "Germany"]
[Date "2024.02.23"]
[Round "9.1"]
[White "Kovacevic, Aleksandar"]
[Black "Pruijssers, Roeland"]
[Result "1/2-1/2"]
[WhiteElo "2445"]
[BlackElo "2540"]
[PlyCount "51"]
[EventDate "2023.10.21"]
[EventType "team-tourn"]
[EventRounds "15"]
[EventCountry "GER"]
[SourceTitle "CB09_2024"]
[SourceDate "2024.02.28"]
[SourceVersion "1"]
[SourceVersionDate "2024.02.28"]
[SourceQuality "1"]
[WhiteTeam "Kirchweyhe"]
[BlackTeam "Werder Bremen"]
[WhiteTeamCountry "GER"]
[BlackTeamCountry "GER"]

1. e4 e5 2. Nf3 Nf6 3. Nxe5 d6 4. Nf3 Nxe4 5. d4 d5 6. Bd3 Bd6 7. 0-0 0-0 8. c4 c6 9. Nc3 Nxc3 10. bxc3 dxc4 11. Bxc4 Bf5 12. Ng5 h6 13. Qf3 Bg6 14. Ne4 Bxh2+ 15. Kxh2 Qh4+ 16. Qh3 Qxh3+ 17. gxh3 Bxe4 18. Rg1 Re8 19. Bxh6 g6 20. h4 Nd7 21. h5 Kh7 22. Be3 Bd5 23. Bd3 Be4 24. Bc4 Bd5 25. Bd3 Be4 26. Bc4 1/2-1/2

[Event "Bundesliga 2324"]
[Site "Germany"]
[Date "2023.10.21"]
[Round "1.1"]
[White "Kovacevic, Aleksandar"]
[Black "Loxine, Jakov"]
[Result "1/2-1/2"]
[WhiteElo "2445"]
[BlackElo "2397"]
[PlyCount "50"]
[EventDate "2023.10.21"]
[EventType "team-tourn"]
[EventRounds "15"]
[EventCountry "GER"]
[SourceTitle "Mega2024 Update 01"]
[Source "Chessbase"]
[SourceDate "2023.11.12"]
[SourceVersion "1"]
[SourceVersionDate "2023.11.12"]
[SourceQuality "1"]
[WhiteTeam "Kirchweyhe"]
[BlackTeam "Dresden TU"]
[WhiteTeamCountry "GER"]
[BlackTeamCountry "GER"]

1. e4 e6 2. d4 d5 3. Nc3 Nf6 4. Bg5 dxe4 5. Nxe4 Be7 6. Bxf6 gxf6 7. Qd3 Nc6 8. c3 Qd5 9. Nf3 e5 10. dxe5 Qxd3 11. Bxd3 Nxe5 12. Nxe5 fxe5 13. Ng3 Be6 14. Bf5 Bd5 15. Be4 Bxe4 16. Nxe4 f5 17. Ng3 0-0 18. Rd1 Bd6 19. Ke2 Kg7 20. Rd5 Kf6 21. Rhd1 Ke6 22. Nf1 Rad8 23. Ra5 a6 24. Ra4 Be7 25. Rxd8 Rxd8 1/2-1/2

[Event "SRB-chT Premier"]
[Site "Bajina Basta"]
[Date "2023.09.26"]
[Round "9.3"]
[White "Draskovic, Luka"]
[Black "Kovacevic, Aleksandar"]
[Result "1/2-1/2"]
[WhiteElo "2494"]
[BlackElo "2438"]
[PlyCount "70"]
[EventDate "2023.09.18"]
[EventType "team-tourn"]
[EventRounds "11"]
[EventCountry "SRB"]
[SourceTitle "EXT 2024"]
[Source "ChessBase"]
[SourceDate "2023.10.10"]
[SourceVersion "1"]
[SourceVersionDate "2023.10.10"]
[SourceQuality "1"]
[WhiteTeam "Belgrade Zmaj"]
[BlackTeam "Novi Sad SK"]
[WhiteTeamCountry "SRB"]
[BlackTeamCountry "SRB"]

1. e4 c6 2. d4 d5 3. e5 Bf5 4. h4 h5 5. Bd3 Bxd3 6. Qxd3 Qa5+ 7. Nd2 e6 8. Ngf3 Nh6 9. 0-0 Nf5 10. Nb3 Qa6 11. Qd1 b6 12. Bg5 c5 13. c3 Nc6 14. Re1 Rc8 15. a4 Qb7 16. Qe2 Be7 17. Bxe7 Qxe7 18. g3 0-0 19. Rad1 g6 20. Kg2 Rc7 21. Kh3 Rfc8 22. Rg1 cxd4 23. Nbxd4 Ncxd4 24. Nxd4 Nxd4 25. Rxd4 Rc4 26. Rgd1 Kg7 27. Qf3 a6 28. Rxc4 Rxc4 29. Rd4 Rxd4 30. cxd4 Qb4 31. Qf6+ Kg8 32. Qd8+ Kh7 33. Qf6 Kg8 34. Qd8+ Kg7 35. Qf6+ Kg8 1/2-1/2

[Event "SRB-chT Premier"]
[Site "Bajina Basta"]
[Date "2023.09.22"]
[Round "5.1"]
[White "Kovacevic, Aleksandar"]
[Black "Bogosavljevic, Boban"]
[Result "0-1"]
[WhiteElo "2438"]
[BlackElo "2494"]
[PlyCount "104"]
[EventDate "2023.09.18"]
[EventType "team-tourn"]
[EventRounds "11"]
[EventCountry "SRB"]
[SourceTitle "EXT 2024"]
[Source "ChessBase"]
[SourceDate "2023.10.10"]
[SourceVersion "1"]
[SourceVersionDate "2023.10.10"]
[SourceQuality "1"]
[WhiteTeam "Novi Sad SK"]
[BlackTeam "Goracici Jelica"]
[WhiteTeamCountry "SRB"]
[BlackTeamCountry "SRB"]

1. e4 c5 2. Nf3 Nc6 3. Bb5 e6 4. Bxc6 bxc6 5. b3 f6 6. 0-0 e5 7. Nh4 g6 8. f4 exf4 9. Rxf4 Nh6 10. Bb2 Bg7 11. d3 0-0 12. Rf1 d5 13. Qe1 c4 14. Nd2 cxd3 15. cxd3 Ba6 16. Rf3 Qb6+ 17. Kh1 Rae8 18. h3 g5 19. Nf5 Nxf5 20. Rxf5 Bxd3 21. Rc1 Qa6 22. Bd4 Re6 23. a4 Qb7 24. Qf2 Qd7 25. Bxa7 Rxe4 26. Qf3 Be2 27. Qf2 Re6 28. Bc5 Rfe8 29. Qg3 d4 30. Rf2 Qd5 31. Kg1 Re3 32. Qd6 Qxd6 33. Bxd6 R3e6 34. Bc5 d3 35. a5 Ra8 36. b4 g4 37. Ra1 Bh6 38. Ra2 g3 39. Rf5 Kf7 40. Bd4 Rd8 41. Bb6 Ra8 42. Bc7 Be3+ 43. Kh1 Kg6 44. Rc5 Bxc5 45. bxc5 Bd1 46. Bxg3 Re2 47. Bf4 Bb3 48. Ra3 Bd5 49. Rxd3 Bxg2+ 50. Kg1 Rxa5 51. Rg3+ Kf5 52. Nb3 Raa2 0-1

[Event "SRB-chT Premier"]
[Site "Bajina Basta"]
[Date "2023.09.20"]
[Round "3.2"]
[White "Kovacevic, Aleksandar"]
[Black "Tadic, Branko"]
[Result "1-0"]
[WhiteElo "2438"]
[BlackElo "2426"]
[PlyCount "63"]
[EventDate "2023.09.18"]
[EventType "team-tourn"]
[EventRounds "11"]
[EventCountry "SRB"]
[SourceTitle "EXT 2024"]
[Source "ChessBase"]
[SourceDate "2023.10.10"]
[SourceVersion "1"]
[SourceVersionDate "2023.10.10"]
[SourceQuality "1"]
[WhiteTeam "Novi Sad SK"]
[BlackTeam "Elemir Naftagas"]
[WhiteTeamCountry "SRB"]
[BlackTeamCountry "SRB"]

1. e4 c5 2. Nf3 Nc6 3. d4 cxd4 4. Nxd4 Nf6 5. Nc3 e6 6. Ndb5 Bc5 7. Bf4 0-0 8. Bc7 Qe7 9. Bd6 Bxd6 10. Qxd6 Qd8 11. 0-0-0 Ne8 12. Qd2 a6 13. Nd6 Nxd6 14. Qxd6 b5 15. h4 Bb7 16. Rh3 Qb6 17. Rd2 Rac8 18. Rg3 Kh8 19. a3 Qa5 20. Rg5 e5 21. Rg3 Rfd8 22. Nd5 Rg8 23. Be2 Qd8 24. Bg4 Qxh4 25. Qxd7 Na5 26. Rh3 Qg5 27. Qf5 Qxf5 28. Bxf5 h6 29. Bxc8 Bxc8 30. Rc3 Nc4 31. Rd1 Bb7 32. f3 1-0

[Event "Vojvodina op 13th"]
[Site "Novi Sad"]
[Date "2023.07.03"]
[Round "7"]
[White "Petrovic, Aleksa"]
[Black "Kovacevic, Aleksandar"]
[Result "0-1"]
[WhiteElo "2311"]
[BlackElo "2471"]
[PlyCount "118"]
[EventDate "2023.06.29"]
[EventType "swiss"]
[EventRounds "9"]
[EventCountry "SRB"]
[SourceTitle "CBM 215 Extra"]
[Source "ChessBase"]
[SourceDate "2023.09.30"]
[SourceVersion "1"]
[SourceVersionDate "2023.09.30"]
[SourceQuality "1"]

1. d4 Nf6 2. Nf3 g6 3. Bf4 Bg7 4. e3 d6 5. Be2 0-0 6. 0-0 c5 7. c3 Qb6 8. Nbd2 cxd4 9. Nc4 Qd8 10. cxd4 b5 11. Ncd2 a6 12. Qc2 Bb7 13. Rfc1 Nc6 14. h3 Rc8 15. Qd1 Qb6 16. a4 Na5 17. axb5 axb5 18. Bd3 Nd5 19. Bg5 h6 20. Bh4 e5 21. dxe5 dxe5 22. Qe2 Rxc1+ 23. Rxc1 f5 24. Bxb5 e4 25. Nd4 g5 26. b4 Nxb4 27. Nc4 Nxc4 28. Bxc4+ Kh7 29. Bxg5 hxg5 30. Qh5+ Qh6 31. Qxh6+ Kxh6 32. Rb1 Nc6 33. Rxb7 Nxd4 34. exd4 Bxd4 35. Rd7 Be5 36. Re7 Bd4 37. Rd7 Be5 38. Bd5 Rf6 39. Re7 Bd6 40. Rb7 Bc5 41. g4 Rd6 42. Bb3 Rd2 43. gxf5 Rxf2 44. Rc7 Rxf5+ 45. Kg2 Rf2+ 46. Kh1 e3 47. Bc4 Bd6 48. Rd7 Rd2 49. Rf7 Kg6 50. Rf1 Bg3 51. Rf3 Bf4 52. Kg1 Kf5 53. Rf1 Ke4 54. Re1 Bh2+ 55. Kh1 Bg3 56. Re2 Kf3 57. Rxd2 exd2 58. Bb3 Ke2 59. h4 Bxh4 0-1

[Event "Vojvodina op 13th"]
[Site "Novi Sad"]
[Date "2023.07.01"]
[Round "3"]
[White "Kovacevic, Aleksandar"]
[Black "Stoyanov, Viktor"]
[Result "1-0"]
[WhiteElo "2471"]
[BlackElo "2258"]
[PlyCount "81"]
[EventDate "2023.06.29"]
[EventType "swiss"]
[EventRounds "9"]
[EventCountry "SRB"]
[SourceTitle "CBM 215 Extra"]
[Source "ChessBase"]
[SourceDate "2023.09.30"]
[SourceVersion "1"]
[SourceVersionDate "2023.09.30"]
[SourceQuality "1"]

1. e4 e6 2. d4 d5 3. Nc3 Nf6 4. e5 Nfd7 5. f4 c5 6. Nf3 Nc6 7. Be3 a6 8. Qd2 cxd4 9. Nxd4 Bc5 10. 0-0-0 Bxd4 11. Bxd4 Nxd4 12. Qxd4 Qb6 13. Qd2 Qa5 14. Kb1 b5 15. Bd3 b4 16. Ne2 Qb6 17. f5 f6 18. exf6 Nxf6 19. fxe6 Bxe6 20. Nf4 0-0 21. Nxe6 Qxe6 22. Qxb4 a5 23. Qd4 Rab8 24. c3 Qd6 25. g4 Qc6 26. Rhe1 Qb7 27. Rd2 Rfe8 28. Rxe8+ Rxe8 29. g5 Ne4 30. Re2 Qf7 31. Rxe4 Rxe4 32. Bxe4 Qf1+ 33. Kc2 Qe2+ 34. Kb3 Qb5+ 35. Ka3 dxe4 36. Qxe4 g6 37. h4 Kf7 38. b3 Kf8 39. Qd4 Ke7 40. b4 Qf1 41. Qf6+ 1-0

[Event "Vojvodina op 13th"]
[Site "Novi Sad"]
[Date "2023.06.29"]
[Round "1"]
[White "Kovacevic, Aleksandar"]
[Black "Southcott Moyers, Indy"]
[Result "1-0"]
[WhiteElo "2471"]
[BlackElo "2086"]
[PlyCount "47"]
[EventDate "2023.06.29"]
[EventType "swiss"]
[EventRounds "9"]
[EventCountry "SRB"]
[SourceTitle "CBM 215 Extra"]
[Source "ChessBase"]
[SourceDate "2023.09.30"]
[SourceVersion "1"]
[SourceVersionDate "2023.09.30"]
[SourceQuality "1"]

1. c4 e5 2. g3 Nf6 3. Bg2 c6 4. Nf3 e4 5. Nd4 d5 6. cxd5 Qxd5 7. e3 Bc5 8. d3 Bxd4 9. dxe4 Nxe4 10. exd4 Qa5+ 11. Nd2 Nf6 12. 0-0 0-0 13. Nc4 Qf5 14. Re1 Rd8 15. Bf4 Na6 16. Nd6 Qh5 17. Qb3 Nd5 18. Re5 Qg6 19. Nxb7 Bxb7 20. Bxd5 cxd5 21. Qxb7 Qb6 22. Re7 Re8 23. Rae1 Rf8 24. Qxa8 1-0

[Event "SRB-ch 17th"]
[Site "Senta"]
[Date "2023.06.13"]
[Round "8"]
[White "Kovacevic, Aleksandar"]
[Black "Tadic, Stefan"]
[Result "1/2-1/2"]
[WhiteElo "2484"]
[BlackElo "2400"]
[PlyCount "86"]
[EventDate "2023.06.06"]
[EventType "tourn"]
[EventRounds "9"]
[EventCountry "SRB"]
[EventCategory "9"]
[SourceTitle "CBM 214 Extra"]
[Source "ChessBase"]
[SourceDate "2023.07.31"]
[SourceVersion "1"]
[SourceVersionDate "2023.07.31"]
[SourceQuality "1"]

1. e4 c5 2. Nf3 e6 3. c3 Nf6 4. e5 Nd5 5. d4 cxd4 6. cxd4 d6 7. Bc4 Nb6 8. Bd3 Nc6 9. 0-0 Nb4 10. Be4 d5 11. Bd3 Nxd3 12. Qxd3 Be7 13. b3 Bd7 14. Nc3 Rc8 15. Ne2 Qc7 16. a4 Qc2 17. Qe3 Qe4 18. Bd2 0-0 19. Nc3 Qxe3 20. fxe3 a6 21. Rfc1 f6 22. Ne2 Rxc1+ 23. Rxc1 Rc8 24. Nf4 Rxc1+ 25. Bxc1 Kf7 26. Nd3 Nc8 27. Bd2 Na7 28. Bb4 Bxb4 29. Nxb4 a5 30. Nd3 b6 31. g4 h6 32. exf6 gxf6 33. h4 Nc6 34. g5 hxg5 35. hxg5 fxg5 36. Nxg5+ Kf6 37. Nf3 Be8 38. Kf2 Bg6 39. Nde5 Nxe5 40. dxe5+ Kf5 41. Nh4+ Kg5 42. Nf3+ Kf5 43. Nh4+ Kg5 1/2-1/2

[Event "SRB-ch 17th"]
[Site "Senta"]
[Date "2023.06.07"]
[Round "2"]
[White "Markus, Robert"]
[Black "Kovacevic, Aleksandar"]
[Result "1/2-1/2"]
[WhiteElo "2582"]
[BlackElo "2484"]
[PlyCount "39"]
[EventDate "2023.06.06"]
[EventType "tourn"]
[EventRounds "9"]
[EventCountry "SRB"]
[EventCategory "9"]
[SourceTitle "CBM 214 Extra"]
[Source "ChessBase"]
[SourceDate "2023.07.31"]
[SourceVersion "1"]
[SourceVersionDate "2023.07.31"]
[SourceQuality "1"]

1. d4 Nf6 2. c4 e6 3. Nc3 Bb4 4. e3 0-0 5. Bd2 d5 6. Nf3 b6 7. cxd5 exd5 8. Rc1 Bb7 9. Nb5 Bxd2+ 10. Nxd2 c5 11. Be2 a6 12. Nc3 cxd4 13. exd4 Nc6 14. Nf3 Re8 15. 0-0 Ne4 16. Bd3 Ng5 17. Be2 Ne4 18. Bd3 Ng5 19. Be2 Ne4 20. Bd3 1/2-1/2

[Event "Bundesliga 2223"]
[Site "Germany"]
[Date "2023.04.30"]
[Round "15.5"]
[White "Olsen, Filip Boe"]
[Black "Kovacevic, Aleksandar"]
[Result "1/2-1/2"]
[WhiteElo "2433"]
[BlackElo "2471"]
[PlyCount "63"]
[EventDate "2022.10.21"]
[EventType "team-tourn"]
[EventRounds "15"]
[EventCountry "GER"]
[SourceTitle "CBM 213 Extra"]
[Source "ChessBase"]
[SourceDate "2023.05.31"]
[SourceVersion "1"]
[SourceVersionDate "2023.05.31"]
[SourceQuality "1"]
[WhiteTeam "Kiel Turm"]
[BlackTeam "Kirchweyhe"]
[WhiteTeamCountry "GER"]
[BlackTeamCountry "GER"]

1. d4 Nf6 2. c4 e6 3. Nf3 b6 4. g3 Bb7 5. Bg2 Be7 6. 0-0 0-0 7. Re1 Na6 8. h4 d5 9. cxd5 exd5 10. Nc3 c5 11. Bf4 Nc7 12. e3 Ne6 13. Be5 Ne4 14. dxc5 Nxc3 15. Bxc3 bxc5 16. Qd3 Bf6 17. Red1 Bxc3 18. bxc3 Qc7 19. Ng5 Nxg5 20. hxg5 Rad8 21. Rab1 Ba8 22. Rd2 Rfe8 23. Rbd1 Qe5 24. Qb5 Qxc3 25. Bxd5 Rb8 26. Qd7 Bxd5 27. Rxd5 Qa3 28. Qc7 g6 29. Qxc5 Qxa2 30. R5d2 Qa4 31. Rd4 Qb5 32. Qxa7 1/2-1/2

[Event "Bundesliga 2223"]
[Site "Germany"]
[Date "2023.04.29"]
[Round "14.5"]
[White "Kovacevic, Aleksandar"]
[Black "Hansen, Sune Berg"]
[Result "1-0"]
[WhiteElo "2471"]
[BlackElo "2525"]
[PlyCount "161"]
[EventDate "2022.10.21"]
[EventType "team-tourn"]
[EventRounds "15"]
[EventCountry "GER"]
[SourceTitle "CBM 213 Extra"]
[Source "ChessBase"]
[SourceDate "2023.05.31"]
[SourceVersion "1"]
[SourceVersionDate "2023.05.31"]
[SourceQuality "1"]
[WhiteTeam "Kirchweyhe"]
[BlackTeam "Hamburger SK"]
[WhiteTeamCountry "GER"]
[BlackTeamCountry "GER"]

1. e4 e5 2. Nf3 Nc6 3. Bb5 a6 4. Ba4 d6 5. c3 Bd7 6. d4 g6 7. Bg5 Be7 8. Be3 Nf6 9. Bh6 Ng4 10. Bc1 0-0 11. 0-0 Nf6 12. Nbd2 Re8 13. Re1 Bf8 14. Bc2 a5 15. h3 a4 16. d5 Ne7 17. c4 Nc8 18. Nb1 Nb6 19. Bd3 c5 20. Nc3 Nh5 21. Be3 Bg7 22. Rb1 Nf4 23. Bf1 Nc8 24. Kh2 h6 25. g3 Nh5 26. Nd2 Nf6 27. Bd3 Nh7 28. g4 Kh8 29. Rg1 Bf6 30. Bxh6 g5 31. h4 Ne7 32. Nf3 gxh4 33. Be3 Ng6 34. Qd2 Rg8 35. Ne2 Qc8 36. g5 Be7 37. Rh1 Bg4 38. Neg1 f6 39. gxf6 Bxf6 40. Ng5 Qf8 41. Nxh7 Kxh7 42. Be2 Bd7 43. Nf3 Qe7 44. Rbg1 Raf8 45. Rg2 h3 46. Rg3 Nf4 47. Rhg1 Rxg3 48. Rxg3 Bh4 49. Nxh4 Qxh4 50. Bf3 Kh8 51. Qa5 Qe7 52. Qc7 Kh7 53. Bg4 Rf7 54. Qxd7 Qxd7 55. Bxd7 Rxd7 56. Bxf4 exf4 57. Rxh3+ Kg6 58. Kg2 b5 59. cxb5 Rb7 60. Ra3 Rxb5 61. Rxa4 Rxb2 62. Ra6 Kg5 63. Rxd6 Rxa2 64. Rc6 Rc2 65. Kf3 c4 66. e5 Kf5 67. e6 Rc3+ 68. Ke2 Kf6 69. Rc7 Rd3 70. Rf7+ Kg6 71. Rxf4 Rxd5 72. Re4 Rd8 73. Rxc4 Kf5 74. e7 Re8 75. Rc7 Ke6 76. Rc3 Kf6 77. Re3 Rxe7 78. Rxe7 Kxe7 79. Ke3 Ke6 80. Ke4 Kf6 81. Kf4 1-0

[Event "Bundesliga 2223"]
[Site "Germany"]
[Date "2023.03.18"]
[Round "10.4"]
[White "Kovacevic, Aleksandar"]
[Black "Dgebuadze, Alexandre"]
[Result "1/2-1/2"]
[WhiteElo "2471"]
[BlackElo "2430"]
[PlyCount "82"]
[EventDate "2022.10.21"]
[EventType "team-tourn"]
[EventRounds "15"]
[EventCountry "GER"]
[SourceTitle "CBM 213 Extra"]
[Source "ChessBase"]
[SourceDate "2023.05.31"]
[SourceVersion "1"]
[SourceVersionDate "2023.05.31"]
[SourceQuality "1"]
[WhiteTeam "Kirchweyhe"]
[BlackTeam "Remagen Sinzig"]
[WhiteTeamCountry "GER"]
[BlackTeamCountry "GER"]

1. e4 e6 2. d4 d5 3. Nd2 Nf6 4. e5 Nfd7 5. Bd3 c5 6. c3 Nc6 7. Ngf3 a6 8. 0-0 g6 9. Re1 Bg7 10. Nf1 Qb6 11. Bc2 cxd4 12. cxd4 f6 13. exf6 Nxf6 14. Ng3 0-0 15. Ba4 Ng4 16. Bxc6 bxc6 17. h3 Nxf2 18. Kxf2 Bxd4+ 19. Be3 Bxe3+ 20. Rxe3 e5 21. Qb3 Qxb3 22. axb3 e4 23. Nxe4 dxe4 24. Rxe4 c5 25. Rc1 Bb7 26. Re5 Bxf3 27. gxf3 Rab8 28. Rc3 Rf5 29. Rxf5 gxf5 30. Kg3 Rb4 31. Rxc5 Rxb3 32. Rc6 Rxb2 33. Rxa6 Kg7 34. Kf4 Rh2 35. Kg5 Rxh3 36. Ra7+ Kg8 37. f4 Rb3 38. Kxf5 Rb6 39. Kg5 Rg6+ 40. Kf5 Rb6 41. Kg5 Rg6+ 1/2-1/2

[Event "EU-ch 23rd"]
[Site "Vrnjacka Banja"]
[Date "2023.03.11"]
[Round "9"]
[White "Ter Sahakyan, Samvel"]
[Black "Kovacevic, Aleksandar"]
[Result "1-0"]
[WhiteElo "2616"]
[BlackElo "2489"]
[PlyCount "91"]
[EventDate "2023.03.03"]
[EventType "swiss"]
[EventRounds "11"]
[EventCountry "SRB"]
[SourceTitle "CBM 213"]
[Source "ChessBase"]
[SourceDate "2023.04.30"]
[SourceVersion "1"]
[SourceVersionDate "2023.04.30"]
[SourceQuality "1"]

1. e4 e5 2. Nf3 Nc6 3. Bb5 Nf6 4. d3 Bc5 5. c3 0-0 6. 0-0 d5 7. Nbd2 dxe4 8. dxe4 a5 9. Qe2 Qe7 10. a4 Nb8 11. Bd3 Nbd7 12. Nc4 b6 13. Bg5 h6 14. Bh4 g5 15. Bg3 Nh5 16. Kh1 f6 17. Rfd1 Rd8 18. b4 axb4 19. cxb4 b5 20. Na5 Rxa5 21. bxa5 bxa4 22. Rxa4 Nxg3+ 23. hxg3 Ba7 24. Bc4+ Kg7 25. Ra2 Rh8 26. Ba6 Nc5 27. Bxc8 Rxc8 28. Nh2 h5 29. Nf1 Qe6 30. Rad2 Nb3 31. Rd7+ Kg6 32. f4 gxf4 33. gxf4 exf4 34. Nh2 Nc5 35. R7d5 Rh8 36. Nf3 h4 37. Nd4 Nxe4 38. Nxe6 Ng3+ 39. Kh2 Nxe2 40. Re1 c6 41. Rd8 Rxd8 42. Nxd8 Bb8 43. Nxc6 Bd6 44. Rd1 Bc7 45. Kh3 Kg5 46. Nd4 1-0

[Event "EU-ch 23rd"]
[Site "Vrnjacka Banja"]
[Date "2023.03.10"]
[Round "8"]
[White "Kovacevic, Aleksandar"]
[Black "Kovalev, Vladislav"]
[Result "1/2-1/2"]
[WhiteElo "2489"]
[BlackElo "2623"]
[PlyCount "20"]
[EventDate "2023.03.03"]
[EventType "swiss"]
[EventRounds "11"]
[EventCountry "SRB"]
[SourceTitle "CBM 213"]
[Source "ChessBase"]
[SourceDate "2023.04.30"]
[SourceVersion "1"]
[SourceVersionDate "2023.04.30"]
[SourceQuality "1"]

1. e4 e5 2. Nf3 Nc6 3. Nc3 Nf6 4. d4 exd4 5. Nxd4 Bb4 6. Nxc6 bxc6 7. Bd3 0-0 8. 0-0 d5 9. exd5 cxd5 10. h3 c6 1/2-1/2

[Event "EU-ch 23rd"]
[Site "Vrnjacka Banja"]
[Date "2023.03.04"]
[Round "2"]
[White "Onslow, Alfie"]
[Black "Kovacevic, Aleksandar"]
[Result "0-1"]
[WhiteElo "2174"]
[BlackElo "2489"]
[PlyCount "74"]
[EventDate "2023.03.03"]
[EventType "swiss"]
[EventRounds "11"]
[EventCountry "SRB"]
[SourceTitle "CBM 213"]
[Source "ChessBase"]
[SourceDate "2023.04.30"]
[SourceVersion "1"]
[SourceVersionDate "2023.04.30"]
[SourceQuality "1"]

1. e4 c5 2. Nf3 d6 3. d4 cxd4 4. Nxd4 Nf6 5. Nc3 Bd7 6. Bg5 e6 7. Qd3 a6 8. 0-0-0 h6 9. Bh4 Nc6 10. Nxc6 Bxc6 11. f3 Qa5 12. Kb1 Be7 13. Be1 Qc7 14. Qe3 b5 15. g4 d5 16. Bg3 Qb7 17. exd5 Nxd5 18. Nxd5 Bxd5 19. Be2 0-0 20. Rhf1 Rac8 21. Bd3 Bc5 22. Qe2 Qb6 23. Be1 b4 24. f4 Bd4 25. g5 Bc3 26. Bd2 Qa5 27. b3 Rc5 28. a4 bxa3 29. Ka2 Rb8 30. Bxc3 Qxc3 31. Rb1 a5 32. Kxa3 a4 33. Qe5 Qb4+ 34. Kb2 Bxb3 35. Qe4 Bxc2+ 36. Ka2 Bb3+ 37. Kb2 a3+ 0-1

[Event "Belgrade Gligoric Trophy Gp-C"]
[Site "Belgrade"]
[Date "2023.02.06"]
[Round "5"]
[White "Kovacevic, Aleksandar"]
[Black "Sanal, Vahap"]
[Result "1/2-1/2"]
[WhiteElo "2495"]
[BlackElo "2590"]
[PlyCount "88"]
[EventDate "2023.02.06"]
[EventType "tourn (rapid)"]
[EventRounds "6"]
[EventCountry "SRB"]
[EventCategory "10"]
[SourceTitle "CBM 212 Extra"]
[Source "ChessBase"]
[SourceDate "2023.03.31"]
[SourceVersion "1"]
[SourceVersionDate "2023.03.31"]
[SourceQuality "1"]

1. e4 e5 2. Nf3 Nc6 3. Bb5 Nf6 4. 0-0 Nxe4 5. Re1 Nd6 6. Nxe5 Nxe5 7. Rxe5+ Be7 8. Bf1 0-0 9. d4 Ne8 10. d5 Bc5 11. Be3 d6 12. Bxc5 dxc5 13. Nc3 Nd6 14. Qf3 Bd7 15. Rae1 Re8 16. Rxe8+ Bxe8 17. Ne4 b6 18. Bd3 Nxe4 19. Qxe4 g6 20. h4 Qd6 21. h5 Bd7 22. h6 Kf8 23. Qh4 Re8 24. Rxe8+ Bxe8 25. c4 f6 26. f4 c6 27. Be4 cxd5 28. Bxd5 Bf7 29. Bxf7 Kxf7 30. f5 Qd1+ 31. Kh2 gxf5 32. Qf4 Kg6 33. Qb8 Qh5+ 34. Kg1 Qxh6 35. Qe8+ Kg5 36. Qd7 Kg6 37. Qe8+ Kg5 38. Qd7 Qh4 39. Qg7+ Kf4 40. Qxa7 Qe1+ 41. Kh2 Qg3+ 42. Kg1 Qe1+ 43. Kh2 Qg3+ 44. Kg1 Qe1+ 1/2-1/2

[Event "Belgrade Gligoric Trophy Gp-C"]
[Site "Belgrade"]
[Date "2023.02.06"]
[Round "1"]
[White "Perunovic, Milos"]
[Black "Kovacevic, Aleksandar"]
[Result "1-0"]
[WhiteElo "2554"]
[BlackElo "2495"]
[PlyCount "49"]
[EventDate "2023.02.06"]
[EventType "tourn (rapid)"]
[EventRounds "6"]
[EventCountry "SRB"]
[EventCategory "10"]
[SourceTitle "CBM 212 Extra"]
[Source "ChessBase"]
[SourceDate "2023.03.31"]
[SourceVersion "1"]
[SourceVersionDate "2023.03.31"]
[SourceQuality "1"]

1. e4 c5 2. Nf3 d6 3. d4 cxd4 4. Nxd4 Nf6 5. Nc3 a6 6. Qd3 g6 7. Bg5 Bg7 8. 0-0-0 0-0 9. f4 Nbd7 10. Be2 Qc7 11. h4 Nc5 12. Qe3 e6 13. h5 b5 14. hxg6 fxg6 15. e5 dxe5 16. fxe5 Nd5 17. Nxd5 exd5 18. Bf3 Bb7 19. e6 Rae8 20. e7 Rf7 21. Bg4 Rfxe7 22. Bxe7 Rxe7 23. Ne6 Nxe6 24. Bxe6+ Kh8 25. Rxh7+ 1-0

[Event "SRB-ch 16th"]
[Site "Bajina Basta"]
[Date "2022.12.14"]
[Round "9"]
[White "Kovacevic, Aleksandar"]
[Black "Djordjevic, Vuk D"]
[Result "1-0"]
[WhiteElo "2480"]
[BlackElo "2394"]
[PlyCount "111"]
[EventDate "2022.12.06"]
[EventType "tourn"]
[EventRounds "9"]
[EventCountry "SRB"]
[EventCategory "10"]
[SourceTitle "CBM 211 Extra"]
[Source "ChessBase"]
[SourceDate "2023.01.31"]
[SourceVersion "1"]
[SourceVersionDate "2023.01.31"]
[SourceQuality "1"]

1. e4 e6 2. d4 d5 3. Nd2 Nc6 4. Ngf3 Nf6 5. e5 Nd7 6. Nb3 Be7 7. Bf4 a5 8. a4 b6 9. h4 Ba6 10. Bxa6 Rxa6 11. Rh3 h5 12. Ng5 Nf8 13. Bd2 Qd7 14. c3 Ra8 15. Nc1 Bd8 16. Nd3 Ng6 17. g4 hxg4 18. Qxg4 Nce7 19. h5 Nf8 20. Nf3 Nf5 21. Nh2 Qe7 22. Nf1 g6 23. Nf4 c5 24. hxg6 Rxh3 25. gxf7+ Qxf7 26. Nxh3 Rc8 27. Ne3 cxd4 28. Nxf5 Qxf5 29. Qxf5 exf5 30. Nf4 dxc3 31. Bxc3 d4 32. Bxd4 Rc4 33. Be3 Re4 34. Nd5 Rxe5 35. 0-0-0 Nd7 36. Kc2 Re6 37. Rd3 Ne5 38. Rc3 Ng4 39. Rd3 Rc6+ 40. Kb3 Rd6 41. Bf4 Re6 42. f3 Nf2 43. Rd2 Nh3 44. Bc7 Rh6 45. Bxd8 Kxd8 46. Nf4+ Ke7 47. Rh2 Rh4 48. Nxh3 Kd6 49. Rd2+ Ke5 50. Nf2 Rb4+ 51. Kc3 Rxa4 52. Nd3+ Kf6 53. Rh2 b5 54. Rh6+ Kg5 55. Rb6 b4+ 56. Kd4 1-0

[Event "SRB-ch 16th"]
[Site "Bajina Basta"]
[Date "2022.12.06"]
[Round "1"]
[White "Ivic, Velimir"]
[Black "Kovacevic, Aleksandar"]
[Result "1-0"]
[WhiteElo "2572"]
[BlackElo "2480"]
[PlyCount "89"]
[EventDate "2022.12.06"]
[EventType "tourn"]
[EventRounds "9"]
[EventCountry "SRB"]
[EventCategory "10"]
[SourceTitle "CBM 211 Extra"]
[Source "ChessBase"]
[SourceDate "2023.01.31"]
[SourceVersion "1"]
[SourceVersionDate "2023.01.31"]
[SourceQuality "1"]

1. d4 Nf6 2. c4 e6 3. Nc3 Bb4 4. e3 b6 5. Nge2 Ba6 6. a3 Be7 7. Ng3 d5 8. cxd5 Bxf1 9. Kxf1 exd5 10. Nf5 g6 11. Nxe7 Qxe7 12. Qf3 c6 13. Bd2 0-0 14. Ke2 Nbd7 15. Rhd1 Rfe8 16. Kf1 a5 17. a4 Ne4 18. Be1 Nxc3 19. Bxc3 Nf6 20. Rac1 Ne4 21. Be1 Qb7 22. Qe2 Re6 23. Rc2 Rae8 24. Kg1 g5 25. Qg4 Rg6 26. Rdc1 Ree6 27. f3 Nf6 28. Qf5 Rxe3 29. Bd2 Re6 30. Bxg5 Qe7 31. Kf1 Qd7 32. g4 c5 33. dxc5 bxc5 34. Rxc5 Qxa4 35. Bh4 Qb4 36. R5c2 d4 37. Bf2 Rd6 38. Qd3 Nd7 39. Rc8+ Nf8 40. Ra8 Rc6 41. Rxc6 Rxc6 42. Qxd4 Rc1+ 43. Kg2 Rc2 44. Qxb4 axb4 45. Kg3 1-0